1298 1039 1090 1178 1501 1882 1430 1820 1016 1384 1657 1619 1311 1893 1771 1573 1992 1702 1249 1563 1122 1434 1882 1860 1594 1063 1404 1081 1148 1035 1665 1990 1220 1738 1571 1220 1745 1246 1908 1524 1350 1753 1269 1470 1808 1337 1113 1128 1016 1804 1167 1280 1678 1539 1632 1087 1651 1736 1674 1338 1711 1956 1002 1158 1951 1607 1987 1030 1413 1250 1634 1027 1178 1205 1969 1335 1219 1504 1373 1240 1626 1443 1734 1276 1043 1193 1864 1963 1984 1894 1712 1632 1519 1152 1800 1216 1240 1036 1132 BCNSPRNW ULIB Ver.6.0+V

เปลี่ยนเป็นภาษาไทย

Change to English
 แสดงรายละเอียดบรรณานุกรม
  กลับหน้าหลัก

Brief Record : Get Marc (ISO 2709) : E-mail record : QR code < ปิดหน้าต่าง
LEADER : 00000nam 2200000uu 4500
001    13399114306
003     ULIB
008    110316s||||||||th 000 0 tha d
020    9789741956999
060 04 WY32^bพ298ก
100 0  พร้อมจิตร ห่อนบุญเหิม
245 10 กฎหมายและจริยศาสตร์สำหรับพยาบาล /^cพร้อมจิตร ห่อนบุญเหิม
250    พิมพ์ครั้งที่ 1
260    มหาสารคาม :^bคณะพยาบาลศาสตร์ มหาวิทยาลัยมหาสารคาม,^c2553
300    183 หน้า ;^c26 ซม.
650  7 พยาบาล^xกฎหมายและจริยศาสตร์
710 2  มหาวิทยาลัยมหาสารคาม.^bคณะพยาบาลศาสตร์
945    ^p0^l0^i031365
995    ทศพร
999 ^a ใช้งานได้ทุกระบบ
รายการนี้ยังไม่มีแท็ก
คุณยังไม่ได้ล็อกอิน คุณสามารถมีกิจกรรมร่วมกับเว็บไซต์ได้ แต่ต้องล็อกอินก่อน ::
  ล็อกอิน

รายการสื่อสารสนเทศ

ลำดับที่ ประเภท เลขเรียก/บาร์โค้ด สถานที่ สถานะ
1. วิทยาศาสตร์การแพทย์ และสุขภาพ
หนังสือสำรอง
สถานะ=หนังสือสำรอง
WY32 พ298ก ฉ.1 
  Barcode: 031365
ห้องสมุดวิทยาเขตสวรรค์ประชารักษ์
►ส่วนจัดเก็บหนังสือเก่า สปร
บนชั้น
  ขอยืม

รายการใกล้เคียง
    ผู้แต่ง [พร้อมจิตร ห่อนบุญเหิม]

BibComment


ยังไม่เคยถูกคอมเมนท์

คอมเมนท์ทรัพยากรรายการนี้
  คอมเมนท์: กฎหมายและจริยศาสต..


 Copyright 2026. Bcnsprnw @Library